Squid Game Cast - Sudden Death - Statistics

General Stats
  • This quiz has been taken 2,155 times
  • The average score is 6 of 18
Answers on the Grid
Answers color-coded by a green-red scale on the quiz's grid according to % correct below.
Lee Jung-jae
Kim Yoo-jung
Jo Yu-Ri
Yang Dong-geun
Kang No-eul
Gong Yoo
Im Si-Wan
Jeon Bae-soo
Ken Jeong
Jet Li
Steven Yeun
Anh So-hee
Kim Jun-hee
Anupam Tripathi
O Yeong-Su
Han Mi-nyeo
Wi Ha-Joon
T.O.P.
Jang Geum-ja
Dennis Rodman
Kim Il-sung
HoYeong Jung
Park Ji-hu
Karan Soni
Lee Yoo-mi
Cho Yi-hyun
Jang Deok-su
Randall Park
Kang Dae-hoe
Hwang In-ho
 
Answer Stats
Answer % Correct
Lee Jung-jae
79%
T.O.P.
56%
Jo Yu-Ri
50%
Gong Yoo
41%
Im Si-Wan
37%
Kang No-eul
34%
Wi Ha-Joon
29%
Kim Jun-hee
28%
Hwang In-ho
25%
Jang Deok-su
24%
Anupam Tripathi
23%
Kang Dae-hoe
22%
Jang Geum-ja
20%
Lee Yoo-mi
20%
Han Mi-nyeo
19%
Yang Dong-geun
18%
HoYeong Jung
15%
O Yeong-Su
14%
No matching quizzes found
Score Distribution
Percent of People with Each Score
Percentile by Number Answered
Your Score History
You have not taken this quiz